2024年横浜DeNAベイスターズ支配下登録選手 - Statistics

General Stats
  • This quiz has been taken 7 times
  • The average score is 15 of 69
Answer Stats
選手名 % Correct
松尾汐恩
60%
戸柱恭孝
60%
林琢真
60%
牧秀悟
60%
オースティン
60%
森敬斗
60%
大和
60%
大田泰示
60%
桑原将志
60%
度会隆輝
60%
佐野恵太
60%
神里和毅
60%
伊藤光
40%
山本祐大
40%
石上泰輝
40%
井上絢登
40%
楠本泰史
40%
関根大気
40%
東克樹
40%
大貫晋一
40%
濱口遥大
40%
益子京右
20%
東妻純平
20%
柴田竜拓
20%
西浦直亨
20%
宮﨑敏郎
20%
筒香嘉智
20%
武田陸玖
20%
梶原昂希
20%
蝦名達夫
20%
伊勢大夢
20%
石田健大
20%
徳山壮磨
20%
三嶋一輝
20%
小園健太
20%
山﨑康晃
20%
坂本裕哉
20%
上茶谷大河
20%
森唯斗
20%
佐々木千隼
20%
ジャクソン
20%
ウィック
20%
宮城滝太
20%
ケイ
20%
上甲凌大
0%
知野直人
0%
西巻賢二
0%
京田陽太
0%
フォード
0%
勝又温史
0%
入江大生
0%
吉野光樹
0%
三浦銀二
0%
松本凌人
0%
橋本達弥
0%
森下瑠大
0%
松本隆之介
0%
深沢鳳介
0%
森原康平
0%
石川達也
0%
京山将弥
0%
ウェンデルケン
0%
中川颯
0%
石田裕太郎
0%
髙田琢登
0%
平良拳太郎
0%
中川虎大
0%
堀岡隼人
0%
ディアス
0%
No matching quizzes found
Score Distribution
Percent of People with Each Score
Percentile by Number Answered
Your Score History
You have not taken this quiz